000 00276nam a22001217a 4500
003 SGT
082 _a347.051
_bBAR
100 _aBARE ACT
245 _aTHE SUPREME COURT RULES 2013
260 _aGURGAON
_bUNIVERSAL/LEXIS NEXIS
_c2023
300 _aIV , 125
942 _2ddc
_cBK
_02
999 _c23973
_d23973